[Event "Titled Tuesday intern op 07th Jan Early"]
[Site "Chess.com INT"]
[Date "2025.01.07"]
[Round "3"]
[White "Suyarov, Mukhammadzokhid"]
[Black "Yagupov, Igor"]
[Result "1-0"]
[WhiteElo "2465"]
[BlackElo "2230"]
[PlyCount "81"]
[EventDate "2025.01.07"]
[EventType "swiss (blitz)"]
[EventRounds "11"]
[EventCountry "USA"]
[SourceTitle "CB03_2025"]
[SourceDate "2025.01.15"]
[SourceVersion "1"]
[SourceVersionDate "2025.01.15"]
[SourceQuality "1"]

1. e4 c5 2. Nf3 Nc6 3. d4 cxd4 4. Nxd4 Nf6 5. Nc3 e5 6. Ndb5 d6 7. Nd5 Nxd5 8. exd5 Nb8 9. c4 Be7 10. Be2 a6 11. Nc3 0-0 12. 0-0 f5 13. f4 Nd7 14. Be3 Bf6 15. Qd2 exf4 16. Bxf4 Ne5 17. Kh1 Ng6 18. Be3 Bd7 19. Bd3 Rc8 20. Rac1 Ne5 21. Ne2 Re8 22. Nd4 Ng4 23. Bg1 Bg5 24. Qb4 Bxc1 25. Rxc1 Qf6 26. Qxb7 Ne5 27. Be2 Rb8 28. Qxa6 Rxb2 29. Qa3 Rbb8 30. Bf1 f4 31. Qc3 Ng4 32. Be2 Ne3 33. Bf3 g6 34. h3 g5 35. Bh2 Rbc8 36. Qd3 Qg6 37. Qb3 g4 38. hxg4 Rb8 39. Nb5 Bxg4 40. Rg1 Bxf3 41. gxf3 1-0

[Event "Titled Tuesday intern op 26th Nov Late"]
[Site "Chess.com INT"]
[Date "2024.11.26"]
[Round "2"]
[White "Papidakis, Georgios"]
[Black "Yagupov, Igor"]
[Result "0-1"]
[WhiteElo "2106"]
[BlackElo "2230"]
[PlyCount "106"]
[EventDate "2024.11.26"]
[EventType "swiss (blitz)"]
[EventRounds "11"]
[EventCountry "USA"]
[SourceTitle "CB49_2024"]
[SourceDate "2024.12.04"]
[SourceVersion "1"]
[SourceVersionDate "2024.12.04"]
[SourceQuality "1"]

1. d4 d5 2. c4 e6 3. Nc3 c6 4. Nf3 Nf6 5. Bg5 h6 6. Bh4 dxc4 7. Bxf6 Qxf6 8. e4 b5 9. a4 Bb4 10. Be2 a6 11. 0-0 Bb7 12. Qc2 Qe7 13. Rfd1 0-0 14. b3 Bxc3 15. Qxc3 cxb3 16. Qxb3 Nd7 17. Rac1 Rac8 18. h3 e5 19. d5 cxd5 20. exd5 Rxc1 21. Rxc1 Qd6 22. axb5 Bxd5 23. Rd1 Nf6 24. Qb2 axb5 25. Qxb5 Rb8 26. Qa5 Qe6 27. Qc3 Re8 28. Qd2 Bc4 29. Bxc4 Qxc4 30. Re1 e4 31. Nh2 Qd3 32. Qxd3 exd3 33. Rxe8+ Nxe8 34. Nf3 Nd6 35. Kf1 Nc4 36. Ke1 f6 37. Nd2 Nd6 38. Nf3 Ne4 39. Nd2 Nc5 40. Nc4 Kf7 41. Kd2 Ke6 42. Nb2 Ne4+ 43. Kxd3 Nxf2+ 44. Ke3 Nh1 45. Kf3 Ke5 46. g4 f5 47. Kg2 fxg4 48. hxg4 Kf4 49. Kxh1 Kxg4 50. Nd3 g5 51. Kg2 h5 52. Ne5+ Kf5 53. Nf3 g4 0-1

[Event "Titled Tuesday intern op 26th Nov Late"]
[Site "Chess.com INT"]
[Date "2024.11.26"]
[Round "1"]
[White "Yagupov, Igor"]
[Black "Archer, Ollie"]
[Result "0-1"]
[WhiteElo "2230"]
[BlackElo "1960"]
[PlyCount "48"]
[EventDate "2024.11.26"]
[EventType "swiss (blitz)"]
[EventRounds "11"]
[EventCountry "USA"]
[SourceTitle "CB49_2024"]
[SourceDate "2024.12.04"]
[SourceVersion "1"]
[SourceVersionDate "2024.12.04"]
[SourceQuality "1"]

1. Nf3 d5 2. d4 Nf6 3. c4 e6 4. Nc3 Nbd7 5. Bf4 Bb4 6. e3 c5 7. Qc2 Qa5 8. Nd2 cxd4 9. exd4 0-0 10. c5 Bxc3 11. bxc3 e5 12. Be3 Re8 13. Nb3 Qc7 14. Be2 b6 15. 0-0 bxc5 16. dxc5 Bb7 17. f3 a5 18. a4 Bc6 19. Bb5 Reb8 20. c4 d4 21. Bf2 Bb7 22. f4 Ng4 23. fxe5 Ndxe5 24. h3 Nf3+ 0-1

[Event "Titled Tuesday intern op 24th Sep Late"]
[Site "Chess.com INT"]
[Date "2024.09.24"]
[Round "3"]
[White "Buscar, Michael"]
[Black "Yagupov, Igor"]
[Result "1/2-1/2"]
[WhiteElo "2016"]
[BlackElo "2239"]
[PlyCount "156"]
[EventDate "2024.09.24"]
[EventType "swiss (blitz)"]
[EventRounds "11"]
[EventCountry "USA"]
[SourceTitle "EXT 2025"]
[Source "ChessBase"]
[SourceDate "2024.10.14"]
[SourceVersion "1"]
[SourceVersionDate "2024.10.14"]
[SourceQuality "1"]

1. Nf3 d5 2. g3 Nf6 3. Bg2 c6 4. 0-0 Bg4 5. c4 e6 6. b3 Nbd7 7. Bb2 Bd6 8. d4 0-0 9. Nbd2 h6 10. Re1 Bf5 11. Ne5 Qe7 12. e4 dxe4 13. Nxd7 Qxd7 14. Nxe4 Nxe4 15. Bxe4 Bxe4 16. Rxe4 Rfd8 17. Qh5 Bf8 18. Rg4 g6 19. Qa5 Kh7 20. Rd1 Bg7 21. Re4 b6 22. Qe1 Re8 23. Re2 Rad8 24. Red2 b5 25. Qf1 bxc4 26. Qxc4 Qd5 27. Rc2 Rc8 28. Rdc1 Red8 29. Qxd5 Rxd5 30. Rxc6 Rxc6 31. Rxc6 Bxd4 32. Bxd4 Rxd4 33. Rc7 Kg7 34. Rxa7 e5 35. a4 Rb4 36. Re7 Kf6 37. Rc7 Rxb3 38. a5 Ra3 39. Rc6+ Kf5 40. a6 h5 41. Kg2 Ra2 42. Rc7 f6 43. a7 e4 44. Kf1 Kg4 45. h4 e3 46. fxe3 Kf3 47. Ke1 Kxe3 48. Kd1 Kf3 49. Rg7 Kxg3 50. Rxg6+ Kxh4 51. Rg7 f5 52. Ke1 f4 53. Kf1 f3 54. Kg1 Kh3 55. Rh7 h4 56. Rg7 Ra3 57. Kf2 Kh2 58. Kf1 h3 59. Kf2 Ra2+ 60. Kxf3 Ra3+ 61. Kf2 Ra2+ 62. Kf1 Ra1+ 63. Ke2 Ra2+ 64. Kd1 Ra1+ 65. Kc2 Ra5 66. Kd2 Kh1 67. Ke2 h2 68. Kf2 Ra2+ 69. Kf1 Ra1+ 70. Ke2 Ra2+ 71. Kd1 Ra1+ 72. Kc2 Ra5 73. Kb3 Rxa7 74. Rxa7 Kg2 75. Ra2+ Kg1 76. Ra1+ Kg2 77. Ra2+ Kg1 78. Rxh2 Kxh2 1/2-1/2

[Event "Titled Tuesday intern op 24th Sep Early"]
[Site "Chess.com INT"]
[Date "2024.09.24"]
[Round "1"]
[White "Lopez Paniagua, Mario Yber"]
[Black "Yagupov, Igor"]
[Result "0-1"]
[WhiteElo "2163"]
[BlackElo "2239"]
[PlyCount "68"]
[EventDate "2024.09.24"]
[EventType "swiss (blitz)"]
[EventRounds "11"]
[EventCountry "USA"]
[SourceTitle "EXT 2025"]
[Source "ChessBase"]
[SourceDate "2024.10.14"]
[SourceVersion "1"]
[SourceVersionDate "2024.10.14"]
[SourceQuality "1"]

1. e4 c5 2. Nf3 Nc6 3. Bb5 g6 4. Bxc6 bxc6 5. h3 Bg7 6. 0-0 Nf6 7. Re1 0-0 8. c3 d6 9. d4 cxd4 10. cxd4 Nd7 11. Nc3 c5 12. dxc5 Nxc5 13. Bg5 h6 14. Be3 Bb7 15. Bd4 e5 16. Bxc5 dxc5 17. Nd5 f5 18. Qb3 Bxd5 19. exd5 Rb8 20. Qc4 Qd6 21. Rac1 e4 22. Nd2 Rxb2 23. Nb3 Rd8 24. Rcd1 Bf8 25. Na5 Qf4 26. Rf1 Bd6 27. g3 Qf3 28. Qc1 Rxf2 29. Rxf2 Qxg3+ 30. Rg2 Qf4 31. Qxf4 Bxf4 32. Rxg6+ Kf7 33. Ra6 Be3+ 34. Kg2 Rg8+ 0-1

[Event "Titled Tuesday intern op 24th Sep Early"]
[Site "Chess.com INT"]
[Date "2024.09.24"]
[Round "10"]
[White "Yagupov, Igor"]
[Black "Altynbek, Aiaru"]
[Result "1-0"]
[WhiteElo "2239"]
[BlackElo "1990"]
[PlyCount "93"]
[EventDate "2024.09.24"]
[EventType "swiss (blitz)"]
[EventRounds "11"]
[EventCountry "USA"]
[SourceTitle "EXT 2025"]
[Source "ChessBase"]
[SourceDate "2024.10.14"]
[SourceVersion "1"]
[SourceVersionDate "2024.10.14"]
[SourceQuality "1"]

1. Nf3 d5 2. c4 e6 3. g3 Nf6 4. Bg2 dxc4 5. 0-0 a6 6. a4 Be7 7. Qc2 0-0 8. Qxc4 Nbd7 9. d4 Nb6 10. Qc2 Bd7 11. e4 Rc8 12. a5 Na8 13. Nc3 c5 14. d5 Nc7 15. d6 Bxd6 16. e5 Be7 17. exf6 Bxf6 18. Rd1 Qe7 19. Bf4 e5 20. Re1 Ne6 21. Nd5 Qd8 22. Nxe5 Nxf4 23. Nxf4 Bb5 24. Nd5 Re8 25. Nxf6+ Qxf6 26. Ng4 Qd4 27. Ne3 c4 28. Bxb7 Rb8 29. Bf3 Qf6 30. Bg2 Red8 31. Nxc4 Rdc8 32. Re4 h6 33. Rae1 Qc6 34. b3 Qf6 35. Rf4 Qg5 36. Qf5 Qxf5 37. Rxf5 Bxc4 38. bxc4 Rxc4 39. h4 Ra4 40. Re7 Rb1+ 41. Kh2 f6 42. Ra7 g6 43. Rxf6 Rxa5 44. Rxg6+ Kf8 45. Rxh6 Kg8 46. Rd6 Rc5 47. Rd8# 1-0

[Event "Titled Tuesday intern op 24th Sep Late"]
[Site "Chess.com INT"]
[Date "2024.09.24"]
[Round "11"]
[White "Yagupov, Igor"]
[Black "Fiorito, Joaquin"]
[Result "1-0"]
[WhiteElo "2239"]
[BlackElo "2402"]
[PlyCount "89"]
[EventDate "2024.09.24"]
[EventType "swiss (blitz)"]
[EventRounds "11"]
[EventCountry "USA"]
[SourceTitle "EXT 2025"]
[Source "ChessBase"]
[SourceDate "2024.10.14"]
[SourceVersion "1"]
[SourceVersionDate "2024.10.14"]
[SourceQuality "1"]

1. e4 c6 2. d4 d5 3. e5 Bf5 4. h4 h5 5. Bd3 Bxd3 6. Qxd3 Qa5+ 7. Nd2 e6 8. Ngf3 Nh6 9. 0-0 Nf5 10. c4 Be7 11. g3 0-0 12. Qc2 Rd8 13. c5 b6 14. a3 bxc5 15. Nb3 Qa4 16. dxc5 Nd7 17. Bg5 Bxg5 18. hxg5 Rab8 19. Nbd4 Qxc2 20. Nxc2 Rxb2 21. Ncd4 Nxd4 22. Nxd4 Rc8 23. Rab1 Rxb1 24. Rxb1 Nxc5 25. f4 Ne4 26. g6 Nxg3 27. gxf7+ Kxf7 28. Rb7+ Kg6 29. Nxe6 Nf5 30. Nc5 d4 31. Rxa7 h4 32. Rb7 Ra8 33. Rb3 Ne3 34. Ne6 Nc2 35. Kf2 Re8 36. Nc7 Rc8 37. Ne6 c5 38. Kf3 c4 39. Rb6 Kh7 40. Ng5+ Kg8 41. e6 d3 42. e7 Nd4+ 43. Ke4 d2 44. Rd6 d1Q 45. Rd8+ 1-0

[Event "Titled Tuesday intern op 24th Sep Late"]
[Site "Chess.com INT"]
[Date "2024.09.24"]
[Round "5"]
[White "Yagupov, Igor"]
[Black "Haszon, David"]
[Result "1-0"]
[WhiteElo "2239"]
[BlackElo "2248"]
[PlyCount "47"]
[EventDate "2024.09.24"]
[EventType "swiss (blitz)"]
[EventRounds "11"]
[EventCountry "USA"]
[SourceTitle "EXT 2025"]
[Source "ChessBase"]
[SourceDate "2024.10.14"]
[SourceVersion "1"]
[SourceVersionDate "2024.10.14"]
[SourceQuality "1"]

1. Nf3 Nf6 2. c4 c5 3. Nc3 Nc6 4. d4 cxd4 5. Nxd4 d5 6. cxd5 Nxd5 7. Nxc6 bxc6 8. Bd2 Rb8 9. e4 Nb6 10. Qc2 g6 11. Bf4 Rb7 12. Rd1 Rd7 13. Be5 f6 14. Bg3 Bg7 15. Qb3 Rxd1+ 16. Nxd1 Qd4 17. f3 f5 18. Bf2 Qe5 19. Bxb6 axb6 20. Qxb6 0-0 21. Qxc6 fxe4 22. Qxe4 Qa5+ 23. b4 Qxa2 24. Bc4+ 1-0

[Event "Titled Tuesday intern op 24th Sep Early"]
[Site "Chess.com INT"]
[Date "2024.09.24"]
[Round "6"]
[White "Yagupov, Igor"]
[Black "Slade, Theodore"]
[Result "0-1"]
[WhiteElo "2239"]
[BlackElo "2086"]
[PlyCount "116"]
[EventDate "2024.09.24"]
[EventType "swiss (blitz)"]
[EventRounds "11"]
[EventCountry "USA"]
[SourceTitle "EXT 2025"]
[Source "ChessBase"]
[SourceDate "2024.10.14"]
[SourceVersion "1"]
[SourceVersionDate "2024.10.14"]
[SourceQuality "1"]

1. e4 e5 2. Nf3 Nc6 3. Bb5 Nf6 4. 0-0 Nxe4 5. d4 Nd6 6. Bxc6 dxc6 7. dxe5 Nf5 8. Qxd8+ Kxd8 9. Nc3 Be7 10. h3 Nh4 11. Nxh4 Bxh4 12. Rd1+ Ke8 13. Ne4 Bf5 14. Re1 Rd8 15. g4 Bxe4 16. Rxe4 Rd1+ 17. Kg2 h5 18. b3 hxg4 19. Rxg4 g6 20. e6 Bf6 21. exf7+ Kxf7 22. Rf4 Rd6 23. Ba3 Re6 24. Rd1 Rh7 25. Bb2 Ke7 26. Bxf6+ Rxf6 27. Rxf6 Kxf6 28. Rd8 a5 29. a4 b6 30. f4 Re7 31. Kf3 c5 32. Rd1 Rh7 33. Kg4 Re7 34. Kf3 Rh7 35. Kg3 Re7 36. Kf2 Rh7 37. Rd3 Kf5 38. Kg3 Re7 39. Rd5+ Kf6 40. Kf2 Rh7 41. Rd3 Kf5 42. Rg3 Rd7 43. Rg5+ Kxf4 44. Rxg6 Rd2+ 45. Ke1 Rxc2 46. Rc6 Rc3 47. h4 Rxb3 48. h5 Rh3 49. h6 Ke3 50. Re6+ Kd3 51. Kf2 c4 52. Kg2 Rh5 53. Rc6 c3 54. Kg3 c2 55. Kg4 Rh1 56. Kg5 c1Q+ 57. Rxc1 Rxc1 58. Kg6 c5 0-1

[Event "Titled Tuesday intern op 24th Sep Late"]
[Site "Chess.com INT"]
[Date "2024.09.24"]
[Round "7"]
[White "Yuan, Qingyu"]
[Black "Yagupov, Igor"]
[Result "1/2-1/2"]
[WhiteElo "2341"]
[BlackElo "2239"]
[PlyCount "91"]
[EventDate "2024.09.24"]
[EventType "swiss (blitz)"]
[EventRounds "11"]
[EventCountry "USA"]
[SourceTitle "EXT 2025"]
[Source "ChessBase"]
[SourceDate "2024.10.14"]
[SourceVersion "1"]
[SourceVersionDate "2024.10.14"]
[SourceQuality "1"]

1. c3 d5 2. d4 Nf6 3. Nf3 c6 4. Bf4 Bf5 5. Nbd2 h6 6. h3 e6 7. e3 Nbd7 8. Be2 Be7 9. 0-0 0-0 10. c4 Ne4 11. Nxe4 Bxe4 12. Qd2 Bxf3 13. Bxf3 f5 14. Rac1 Nf6 15. Qc2 Bd6 16. Bxd6 Qxd6 17. cxd5 cxd5 18. Qc7 Qxc7 19. Rxc7 Rf7 20. Rfc1 Rd8 21. Kf1 Rxc7 22. Rxc7 Rd7 23. Rc8+ Kf7 24. Be2 a6 25. Ke1 Ke7 26. f3 Rd8 27. Rc7+ Rd7 28. Rc8 Rd8 29. Rc3 Kd7 30. Rb3 Kc7 31. h4 Rd6 32. Kd2 Rb6 33. Rc3+ Rc6 34. Ra3 b5 35. Rc3 Rxc3 36. Kxc3 Kb6 37. Bd3 g5 38. hxg5 hxg5 39. a3 a5 40. Kb3 Ne8 41. Kc3 Nd6 42. b3 Kc6 43. Bc2 Kb6 44. Bd3 Kc6 45. Bb1 Kb6 46. Bd3 1/2-1/2

[Event "Titled Tuesday intern op 17th Sep Early"]
[Site "Chess,com INT"]
[Date "2024.09.17"]
[Round "4"]
[White "Yagupov, Igor"]
[Black "Mihajlovskij, Sergei"]
[Result "0-1"]
[WhiteElo "2239"]
[BlackElo "2312"]
[PlyCount "72"]
[EventDate "2024.09.17"]
[EventType "swiss (blitz)"]
[EventRounds "11"]
[EventCountry "USA"]
[SourceTitle "EXT 2025"]
[Source "ChessBase"]
[SourceDate "2024.10.14"]
[SourceVersion "1"]
[SourceVersionDate "2024.10.14"]
[SourceQuality "1"]

1. e4 d5 2. exd5 Qxd5 3. Nc3 Qe5+ 4. Be2 Bg4 5. d4 Bxe2 6. Ngxe2 Qa5 7. Bf4 Nf6 8. Qd3 Nc6 9. 0-0 0-0-0 10. Qc4 e6 11. a3 Qh5 12. h3 g5 13. Be5 Bg7 14. Ng3 Qg6 15. Nb5 Rd7 16. Rad1 a6 17. Nc3 Nd5 18. Bxg7 Qxg7 19. Nxd5 Rxd5 20. c3 h5 21. Ne4 Rhd8 22. Nc5 g4 23. h4 Qf6 24. g3 Nb8 25. Qb3 b6 26. Nd3 Rf5 27. Ne5 Kb7 28. Qc4 Rd6 29. a4 Nc6 30. Nxc6 Rxc6 31. Qe2 Rf3 32. Qe4 Qf5 33. Qxf5 Rxf5 34. Rd3 b5 35. Ra1 Rd6 36. Rf3 Rxf3 0-1

[Event "Titled Tuesday intern op 10th Sep Early"]
[Site "Chess,com INT"]
[Date "2024.09.10"]
[Round "6"]
[White "Osinovsky, Stepan"]
[Black "Yagupov, Igor"]
[Result "0-1"]
[WhiteElo "2235"]
[BlackElo "2239"]
[PlyCount "70"]
[EventDate "2024.09.10"]
[EventType "swiss (blitz)"]
[EventRounds "11"]
[EventCountry "USA"]
[SourceTitle "EXT 2025"]
[Source "ChessBase"]
[SourceDate "2024.10.14"]
[SourceVersion "1"]
[SourceVersionDate "2024.10.14"]
[SourceQuality "1"]

1. e4 c5 2. Nf3 e6 3. d3 Nc6 4. Nbd2 g6 5. h4 h6 6. g3 Bg7 7. Bg2 Nge7 8. a4 b6 9. Qe2 d6 10. Nc4 e5 11. c3 Be6 12. h5 g5 13. Nh2 d5 14. Ne3 Qd7 15. g4 Rd8 16. Nhf1 Na5 17. Qc2 dxe4 18. dxe4 Nb3 19. Ra3 c4 20. Nd2 Nxd2 21. Bxd2 Nc6 22. Nf5 Bf8 23. Ra1 Na5 24. Rd1 Qd3 25. Qxd3 cxd3 26. Rh3 Bb3 27. Ra1 Nc4 28. Bf1 Bc2 29. Ra2 Bc5 30. Ne3 Bxe3 31. fxe3 Bb3 32. Ra1 Rd6 33. Rh2 Ke7 34. Bc1 Rhd8 35. Rd2 Nxe3 0-1

[Event "Titled Tuesday intern op 10th Sep Early"]
[Site "Chess,com INT"]
[Date "2024.09.10"]
[Round "11"]
[White "Tang, Terrence"]
[Black "Yagupov, Igor"]
[Result "0-1"]
[WhiteElo "2106"]
[BlackElo "2239"]
[PlyCount "78"]
[EventDate "2024.09.10"]
[EventType "swiss (blitz)"]
[EventRounds "11"]
[EventCountry "USA"]
[SourceTitle "EXT 2025"]
[Source "ChessBase"]
[SourceDate "2024.10.14"]
[SourceVersion "1"]
[SourceVersionDate "2024.10.14"]
[SourceQuality "1"]

1. e4 c5 2. d3 Nc6 3. g3 g6 4. Bg2 Bg7 5. f4 d6 6. c3 e5 7. Nf3 Nge7 8. 0-0 0-0 9. Be3 exf4 10. Bxf4 d5 11. e5 h6 12. h4 Bg4 13. d4 cxd4 14. cxd4 Qb6 15. Qd2 Nf5 16. Nc3 Bxf3 17. Bxf3 Nfxd4 18. Kg2 Nxf3 19. Rxf3 Nxe5 20. Bxe5 Bxe5 21. Nxd5 Qd6 22. Nf6+ Kg7 23. Qxd6 Bxd6 24. Ne4 Be7 25. Rd1 Rfd8 26. Rfd3 Rxd3 27. Rxd3 Rd8 28. Rb3 Rd7 29. Kf3 f5 30. Nc3 a6 31. Ne2 b5 32. Rc3 Kf7 33. Rc6 Rd6 34. Rc7 Rd3+ 35. Kf2 Rd2 36. Ke3 Rxb2 37. Nf4 Ke8 38. Nxg6 Bd8 39. Ra7 Bb6+ 0-1

[Event "Titled Tuesday intern op 06th Aug Late"]
[Site "Chess.com INT"]
[Date "2024.08.06"]
[Round "6"]
[White "Cahuapaza Tarapaca, Leonardo"]
[Black "Yagupov, Igor"]
[Result "0-1"]
[WhiteElo "2034"]
[BlackElo "2239"]
[PlyCount "204"]
[EventDate "2024.08.06"]
[EventType "swiss (blitz)"]
[EventRounds "11"]
[EventCountry "USA"]
[SourceTitle "EXT 2025"]
[Source "ChessBase"]
[SourceDate "2024.10.14"]
[SourceVersion "1"]
[SourceVersionDate "2024.10.14"]
[SourceQuality "1"]

1. Nf3 d5 2. e3 Nf6 3. b3 Bg4 4. Bb2 Nbd7 5. h3 Bh5 6. d4 e6 7. Nbd2 Bd6 8. Be2 c6 9. Ne5 Bxe2 10. Qxe2 0-0 11. c4 Qe7 12. 0-0 Ba3 13. Bc3 Nxe5 14. dxe5 Nd7 15. e4 Bb4 16. Bxb4 Qxb4 17. exd5 cxd5 18. Rac1 Nxe5 19. cxd5 exd5 20. Qxe5 Qxd2 21. Rfd1 Qxa2 22. Qxd5 b6 23. Rc7 Rae8 24. Qf3 a5 25. Rb7 Re6 26. Rxf7 Rfe8 27. Rdd7 Qa1+ 28. Kh2 Qe5+ 29. g3 Rg6 30. Rde7 Qxe7 31. Rxe7 Rxe7 32. Qa8+ Kf7 33. Qd5+ Rge6 34. Qf5+ Kg8 35. Qd5 g6 36. Kg2 Kg7 37. Qd4+ Kf7 38. Qf4+ Rf6 39. Qc4+ Kg7 40. Qd4 Ref7 41. g4 Kg8 42. Qd8+ Rf8 43. Qd5+ Kh8 44. Qd4 h6 45. h4 Kh7 46. f3 b5 47. Qd7+ R8f7 48. Qxb5 Rxf3 49. Qxa5 Rxb3 50. Qe5 Rbf3 51. Qc5 R3f4 52. Qc8 Rf2+ 53. Kg1 Rf1+ 54. Kg2 R1f2+ 55. Kg1 R2f4 56. Kg2 h5 57. gxh5 gxh5 58. Qc2+ Kg7 59. Qc3+ R7f6 60. Qc7+ Kh6 61. Qc1 Kg6 62. Qc2+ R6f5 63. Qc6+ Kf7 64. Qd7+ Kg6 65. Qe6+ Rf6 66. Qg8+ Kf5 67. Qh7+ Ke5 68. Qxh5+ R6f5 69. Qe8+ Kd4 70. Qd7+ Ke3 71. Qe6+ Kd2 72. Qd6+ Kc3 73. Qc6+ Kd4 74. Kg3 Re4 75. Qd7+ Rd5 76. Qg7+ Kd3 77. Qg6 Rde5 78. Qd6+ Ke2 79. Qa6+ Ke1 80. Qa1+ Ke2 81. Qb2+ Ke1 82. Qb3 Re3+ 83. Qxe3+ Rxe3+ 84. Kf4 Ra3 85. h5 Ra5 86. h6 Rh5 87. Kg4 Rxh6 88. Kg5 Ra6 89. Kf5 Kd2 90. Kg4 Kd3 91. Kf5 Kd4 92. Kg5 Rc6 93. Kf4 Rf6+ 94. Kg4 Ke5 95. Kg5 Re6 96. Kg4 Ke4 97. Kg5 Rd6 98. Kh4 Rg6 99. Kh5 Kf5 100. Kh4 Kf4 101. Kh5 Rf6 102. Kh4 Rh6# 0-1

[Event "Titled Tuesday intern op 06th Aug Early"]
[Site "Chess.com INT"]
[Date "2024.08.06"]
[Round "9"]
[White "Sevostianov, Vladimir"]
[Black "Yagupov, Igor"]
[Result "1-0"]
[WhiteElo "2107"]
[BlackElo "2239"]
[PlyCount "93"]
[EventDate "2024.08.06"]
[EventType "swiss (blitz)"]
[EventRounds "11"]
[EventCountry "USA"]
[SourceTitle "EXT 2025"]
[Source "ChessBase"]
[SourceDate "2024.10.14"]
[SourceVersion "1"]
[SourceVersionDate "2024.10.14"]
[SourceQuality "1"]

1. e4 e5 2. Nf3 Nc6 3. Bb5 f5 4. d3 fxe4 5. dxe4 Nf6 6. Nc3 Bb4 7. 0-0 Bxc3 8. bxc3 d6 9. Bd3 0-0 10. h3 h6 11. Be3 Be6 12. Qe2 Kh7 13. Nd2 Qe8 14. Bc4 Bxc4 15. Qxc4 Nh5 16. Rab1 b6 17. Rfe1 Rf7 18. Nf1 Qd7 19. Nh2 Nf6 20. f3 Raf8 21. Bf2 Na5 22. Qb5 Qe6 23. a4 c6 24. Qd3 Nh5 25. Be3 Nc4 26. Ng4 Nf4 27. Bxf4 Rxf4 28. Rb4 Na5 29. Rd1 Rd8 30. Qe3 Rf7 31. Qe2 c5 32. Rbb1 Qc4 33. Qe3 Rdd7 34. Rd5 Qxa4 35. Rbd1 Qc6 36. Qd3 c4 37. Qd2 Rde7 38. Rxd6 Qc5+ 39. Kh1 Nb7 40. Rd5 Qc6 41. Nxe5 Rxe5 42. Rxe5 Qf6 43. Rf5 Qe6 44. Rxf7 Qxf7 45. Qd7 Qxd7 46. Rxd7 Nc5 47. Rxa7 1-0

[Event "Titled Tuesday intern op 06th Aug Late"]
[Site "Chess.com INT"]
[Date "2024.08.06"]
[Round "8"]
[White "Sheehan, Ethan"]
[Black "Yagupov, Igor"]
[Result "1-0"]
[WhiteElo "2331"]
[BlackElo "2239"]
[PlyCount "53"]
[EventDate "2024.08.06"]
[EventType "swiss (blitz)"]
[EventRounds "11"]
[EventCountry "USA"]
[SourceTitle "EXT 2025"]
[Source "ChessBase"]
[SourceDate "2024.10.14"]
[SourceVersion "1"]
[SourceVersionDate "2024.10.14"]
[SourceQuality "1"]

1. b3 d5 2. Bb2 Bg4 3. h3 Bf5 4. d3 h6 5. Nd2 Nd7 6. g3 c6 7. Bg2 e6 8. Ngf3 f6 9. Nd4 Qe7 10. Nxf5 exf5 11. c4 dxc4 12. Nxc4 Qe6 13. 0-0 0-0-0 14. Rc1 Kb8 15. a3 g5 16. Na5 Rc8 17. b4 a6 18. Qa4 Nb6 19. Qc2 Ne7 20. Bd4 Nd7 21. a4 Nd5 22. b5 Bb4 23. bxc6 Bxa5 24. Qb3 Bb6 25. Bxd5 Qd6 26. cxd7 Rxc1 27. Rxc1 1-0